Electrochemistry (Record no. 24877)

MARC details
000 -LEADER
fixed length control field 00319nam a2200121Ia 4500
082 ## - DEWEY DECIMAL CLASSIFICATION NUMBER
Classification number 541.1:541.13
Item number BOC
245 #0 - TITLE STATEMENT
Title Electrochemistry
260 ## - PUBLICATION, DISTRIBUTION, ETC. (IMPRINT)
Place of publication London
Name of publisher Butterworths
Year of publication 1973
490 ## - SERIES STATEMENT
Series statement Physical chemsitry, series one V 6
700 ## - ADDED ENTRY--PERSONAL NAME
Personal name Bockris, J O M
942 ## - ADDED ENTRY ELEMENTS (KOHA)
Koha item type Books
Holdings
Withdrawn status Lost status Damaged status Not for loan Home library Current library Date acquired Cost, normal purchase price Full call number Accession Number Koha item type
        RRII Library RRII Library 16/12/2021 10.45 541.1:541.13 BOC 05543 Books